| 000 | 00441nam a2200157 i 4500 | ||
|---|---|---|---|
| 001 | 104015 | ||
| 003 | ES-MaACL | ||
| 005 | 20230906183507.0 | ||
| 007 | t| | ||
| 008 | 051122s1903 gw ||||1| ger d | ||
| 100 | 1 |
_aMeyer-Foerster, Wilhelm. _980805 |
|
| 245 | 1 | 0 |
_aLena S. _b: roman / _cvon Wilhelm Meyer-Foerster. |
| 260 |
_aStuttgart : _bDeutsche Verlags, _c1903. |
||
| 300 |
_a284 p. ; _c19 cm. |
||
| 852 |
_aES-MaACL _jC-4610 _bR.24384 |
||
| 999 |
_c104015 _d104015 |
||